Law for Business Students / (Record no. 15134)
[ view plain ]
| 000 -LEADER | |
|---|---|
| fixed length control field | 00648cam a22002175a 4500 |
| 005 - DATE AND TIME OF LATEST TRANSACTION | |
| control field | 20190519104412.0 |
| 008 - FIXED-LENGTH DATA ELEMENTS--GENERAL INFORMATION | |
| fixed length control field | 091105s2010 enka fr 001 0 eng d |
| 020 ## - INTERNATIONAL STANDARD BOOK NUMBER | |
| International Standard Book Number | 9781408225455 |
| 040 ## - CATALOGING SOURCE | |
| Original cataloging agency | DLC |
| Transcribing agency | DLC |
| Language of cataloging | eng |
| Modifying agency | EG-ScBUE |
| -- | EG-ScBUE |
| 082 04 - DEWEY DECIMAL CLASSIFICATION NUMBER | |
| Classification number | 346.4207 |
| Item number | ADA |
| Edition number | 22 |
| 100 1# - MAIN ENTRY--PERSONAL NAME | |
| Personal name | Adams, Alix. |
| 9 (RLIN) | 23147 |
| 245 10 - TITLE STATEMENT | |
| Title | Law for Business Students / |
| Statement of responsibility, etc | Alix Adams. |
| 250 ## - EDITION STATEMENT | |
| Edition statement | 6th ed. |
| 260 ## - PUBLICATION, DISTRIBUTION, ETC. (IMPRINT) | |
| Place of publication, distribution, etc | Harlow ; |
| -- | New York : |
| Name of publisher, distributor, etc | Pearson Education, |
| Date of publication, distribution, etc | 2010. |
| 300 ## - PHYSICAL DESCRIPTION | |
| Extent | xlvii, 589 p. : |
| Other physical details | ill. (col.) ; |
| Dimensions | 24 cm. |
| 500 ## - GENERAL NOTE | |
| General note | Includes index. |
| 650 #7 - SUBJECT ADDED ENTRY--TOPICAL TERM | |
| Topical term or geographic name as entry element | Business law |
| Geographic subdivision | England. |
| Source of heading or term | BUEsh |
| 9 (RLIN) | 23148 |
| 651 ## - SUBJECT ADDED ENTRY--GEOGRAPHIC NAME | |
| Source of heading or term | BUEsh |
| 653 ## - INDEX TERM--UNCONTROLLED | |
| Resource For college | Law |
| Arrived date list | April2019 |
| 942 ## - ADDED ENTRY ELEMENTS (KOHA) | |
| Source of classification or shelving scheme | Dewey Decimal Classification |
| Withdrawn status | Item status | Source of classification or shelving scheme | Damaged status | Not for loan | Vendor | Home library | Current library | Shelving location | Date acquired | Source of acquisition | Total Checkouts | Total Renewals | Full call number | Barcode | Date last seen | Date last borrowed | Koha item type |
|---|---|---|---|---|---|---|---|---|---|---|---|---|---|---|---|---|---|
| Dewey Decimal Classification | Baccah | Central Library | Central Library | First floor | 18/04/2011 | 4 | 11 | 346.4207 ADA | 000023254 | 15/07/2025 | 17/03/2015 | Book - Borrowing | |||||
| Dewey Decimal Classification | Baccah | Central Library | Central Library | First floor | 18/04/2011 | 1 | 346.4207 ADA | 000023255 | 15/07/2025 | 07/05/2013 | NB - Book (Non borrowing) | ||||||
| Dewey Decimal Classification | Baccah | Central Library | Central Library | First floor | 18/04/2011 | 6 | 7 | 346.4207 ADA | 000023256 | 15/07/2025 | 10/10/2018 | Book - Borrowing | |||||
| Dewey Decimal Classification | Baccah | Central Library | Central Library | First floor | 18/04/2011 | 6 | 4 | 346.4207 ADA | 000023257 | 15/07/2025 | 03/12/2019 | Book - Borrowing | |||||
| Dewey Decimal Classification | unknown | Central Library | Central Library | First floor | 21/04/2019 | Donation | 346.4207 ADA | 000043523 | 15/07/2025 | Book - Borrowing |